Statistics for The Lego Movie character quiz

Click here to take the quiz!

General Stats

  • This quiz has been taken 55 times
  • The average score is 7 of 9

Answer Stats

DescriptionAnswer% Correct
The 'Special'Emmet
98%
All black heroeBatman
90%
Exicted spacemanBenny
88%
Hybrid cat-unicornUniKitty
88%
Evil world freezing tyrantPresident Business
86%
Master building girlWyldstyle/ Lucy
86%
Two-faced copBad Cop
79%
The 'robot pirate'MetalBeard
71%
Prophesying wizardVitruvius
57%

Score Distribution

Percentile by Number Answered

Percent of People with Each Score

Your Score History

You have not taken this quiz